LEADER 01259nam 2200433 450 001 9910466959203321 005 20210826091121.0 010 $a1-4963-8024-X 010 $a1-4963-8026-6 035 $a(CKB)3710000001629607 035 $a(MiAaPQ)EBC5472156 035 $a(Au-PeEL)EBL5472156 035 $a(OCoLC)1012165481 035 $a(EXLCZ)993710000001629607 100 $a20180915d2017 uy 0 101 0 $aeng 135 $aurcnu|||||||| 181 $ctxt$2rdacontent 182 $cc$2rdamedia 183 $acr$2rdacarrier 200 00$aClinical echocardiography review $ea self-assessment tool /$feditors, Allan L. Klein, Craig R. Asher 205 $aSecond edition. 210 1$aPhiladelphia :$cWolters Kluwer,$d[2017] 210 4$d©2017 215 $a1 online resource (1,085 pages) 311 $a1-4511-9537-0 606 $aEchocardiography$vExaminations, questions, etc 608 $aElectronic books. 615 0$aEchocardiography 676 $a616.1207543076 702 $aKlein$b Allan L. 702 $aAsher$b Craig R. 801 0$bMiAaPQ 801 1$bMiAaPQ 801 2$bMiAaPQ 906 $aBOOK 912 $a9910466959203321 996 $aClinical echocardiography review$92457172 997 $aUNINA LEADER 01712nas 2200553-c 450 001 996413350203316 005 20210824213025.0 035 $a(DE-599)ZDB2125273-7 035 $a(OCoLC)1154921385 035 $a(CKB)2520000000000731 035 $a(CONSER)--2021239315 035 $a(EXLCZ)992520000000000731 100 $a19800618a19099999 --- b 101 0 $aspa 135 $aurun||||||||| 181 $ctxt$2rdacontent 182 $cc$2rdamedia 183 $acr$2rdacarrier 200 00$aActas dermo-sifiliográficas 210 1$aMadrid$cAcademia Española de Dermatología y Venereología$d1909- 215 $a1 online resource$cillustrations 300 $aRefereed/Peer-reviewed 300 $aVols. for <2009-> published: Madrid : Elsevier España 311 $a0001-7310 531 $aACTAS DERMO-SIFILIOGR#XE1FICAS 531 0 $aActas dermo-sifiliogr 606 $aDermatology$vPeriodicals 606 $aSyphilis$vPeriodicals 606 $aDermatology 606 $aSexually Transmitted Diseases 606 $aSyphilis 606 $aDermatology$2fast$3(OCoLC)fst00891059 606 $aSyphilis$2fast$3(OCoLC)fst01141294 608 $aPeriodical. 608 $aPeriodicals$2fast 615 0$aDermatology 615 0$aSyphilis 615 2$aDermatology. 615 2$aSexually Transmitted Diseases. 615 2$aSyphilis. 615 7$aDermatology 615 7$aSyphilis 676 $a616.5005 712 02$aAcademia Española de Dermatología y Sifiliografía, 712 02$aAcademia Española de Dermatología y Venereología, 906 $aJOURNAL 912 $a996413350203316 996 $aActas dermo-sifiliográficas$91891443 997 $aUNISA